| 000 | 00463aam a2200169 4500 | ||
|---|---|---|---|
| 005 | 20190722093426.0 | ||
| 008 | 150608b xxu||||| |||| 00| 0 spa d | ||
| 041 | _aEspañol | ||
| 082 | _aCR 863.44 O17t | ||
| 100 |
_aOconitrillo Garcia, Eduardo _923783 |
||
| 245 | _aUn tango llamado nostalgia | ||
| 260 |
_aCosta Rica _bEUNED _c1990 |
||
| 300 | _a114 páginas | ||
| 650 |
_aNOVELA COSTARRICENSE _9423 |
||
| 650 |
_aLITERATURA COSTARRICENSE _9424 |
||
| 942 | _cLIT | ||
| 999 |
_c2702 _d2702 |
||